|
|
|
|
| LEADER |
00000cas a2200000 a 4500 |
| 003 |
Ucuenca |
| 005 |
20230308201408.0 |
| 008 |
003111|2002 is |||||r|||||||||||spa|| |
| 022 |
|
|
|a 0004-1343
|
| 040 |
|
|
|b spa
|
| 041 |
0 |
|
|a spa
|
| 082 |
0 |
|
|a 805
|b M644a
|
| 245 |
|
|
|a Ariel. Revista de artes y letra de Israel
|c Ministerio de Relaciones Exteriores
|h imp
|
| 264 |
|
|
|a Jerusalén
|b Ministerio de Relaciones Exteriores
|c 2002
|
| 300 |
|
|
|a 84 páginas:
|b ilu
|c 22 cm
|
| 362 |
|
|
|a no 113 (2002)
|
| 650 |
|
0 |
|a Poesia hebrea
|9 176834
|
| 650 |
|
0 |
|a Revista ariel
|9 176574
|
| 852 |
|
|
|a UC-CDJBV
|f Donación
|l 1
|m General
|p 20031119
|q 1,00
|r 2
|b 0
|d CDRC
|e CDRC
|g 805 M644a TERCER PISO (SECCION REVISTAS)
|z 2003-31-11
|
| 942 |
|
|
|c SER
|
| 999 |
|
|
|c 95623
|d 95623
|